000 00922ngm a22003130a 4500
001 PT18671
003 AR-LpoUNG
005 20210201232403.0
007 co ||u|||uuuuu
008 191001s2002||||ag |||||||||||||||||spa d
040 _aAR-LpoUNG
_bspa
_cAR-LpoUNG
_eaacr
041 _aspa
044 _aag
082 0 _a310 38-cen2001
245 1 0 _aCenso nacional de población hogares y viviendas, resultados generales, total del país
260 _aBuenos Aires :
_bInstituto Nacional de Estadística y Censos,
_c2002.
300 _agráfs., mapas
650 4 _aDINAMICA DE LA POBLACION
650 4 _aEMPADRONAMIENTO
650 4 _aENCUESTAS
650 4 _aESTADISTICAS DE VIVIENDA
650 4 _aINFORMACION SOBRE POBLACION
651 4 _aArgentina
653 _aPOBLACION
653 _aVIVIENDA
710 2 _aInstituto Nacional de Estadistica y Censos (Argentina)
905 _a18671
942 _cCDDVD
999 _c53552
_d53552